Shipwrecks in the Americas /

Bibliographic Details
Main Author: Marx, Robert F., 1933-
Format: Book
Language:English
Published: New York : Dover Publications, 1987.
Subjects:

MARC

Tag First Indicator Second Indicator Subfields
LEADER 00000cam a2200000 a 4500
001 in00000025102
005 20151007055725.0
008 870812r1987 nyuaf br 00110 eng
010 |a  87023756  
020 |a 048625514X (pbk.) 
035 |a (OCoLC)16713900 
035 |9 AAB9079AM 
040 |a DLC  |c DLC  |d TXA  |d UtOrBLW 
043 |a n------  |a s------ 
049 |a TXAM  |c [A11089357] 
050 0 0 |a VK1250  |b .M36 1987 
082 0 |a 909/.09812  |2 19 
100 1 |a Marx, Robert F.,  |d 1933- 
245 1 0 |a Shipwrecks in the Americas /  |c by Robert F. Marx. 
264 1 |a New York :  |b Dover Publications,  |c 1987. 
300 |a xxi, 482 pages, 36 unnumbered pages of plates :  |b illustrations ;  |c 22 cm. 
336 |a text  |b txt  |2 rdacontent 
337 |a unmediated  |b n  |2 rdamedia 
338 |a volume  |b nc  |2 rdacarrier 
500 |a "Revised republication"--Title page verso. 
504 |a Bibliography: pages 445-457. 
500 |a Includes index. 
650 0 |a Shipwrecks  |z America  |x History  |x Chronology. 
650 0 |a Treasure troves  |z America  |x History  |x Chronology. 
650 0 |a Underwater archaeology  |z America  |x History  |x Chronology. 
650 0 |a Excavations (Archaeology)  |z America. 
651 0 |a America  |x Antiquities. 
999 |a MARS 
999 f f |s d7e71795-f533-3949-9b09-669c742c25be  |i cba6d243-8843-35c3-8bbb-75a19766635b  |t 0 
952 f f |p normal  |a Texas A&M University  |b College Station  |c Sterling C. Evans Library  |d Evans: Library Stacks  |t 0  |e VK1250 .M36 1987  |h Library of Congress classification  |i unmediated -- volume  |m A14811089357 
952 f f |p normal  |a Texas A&M University  |b Galveston Campus  |c Jack K. Williams Library  |d Galveston Stacks  |t 0  |e VK1250 .M36 1987  |h Library of Congress classification  |i unmediated -- volume  |m 33620000259446 
952 f f |p noncirc  |a Texas A&M University  |b College Station  |c Cushing Memorial Library & Archives  |d Cushing: Reference (Does not check out)  |t 0  |e VK1250 .M36 1987  |h Library of Congress classification  |i unmediated -- volume 
998 f f |a VK1250 .M36 1987  |t 0  |l Galveston Stacks 
998 f f |a VK1250 .M36 1987  |t 0  |l Evans: Library Stacks 
998 f f |a VK1250 .M36 1987  |t 0  |l Cushing: Reference (Does not check out)